| 000 | 01272nam0a22004691 4500 | ||
|---|---|---|---|
| 001 | RU\NLR\A1SV\28971 | ||
| 005 | 20251203171251.9 | ||
| 035 | _a(NLR Aleph) 009712906 | ||
| 090 |
_a9842247 _c9842247 |
||
| 100 | _a19800907d1926 u y0rusy50 ca | ||
| 101 | 0 | _arus | |
| 102 | _aRU | ||
| 200 | 1 |
_a1905 год в деревне _fС.Гончарская |
|
| 210 |
_aМ. _aЛ. _cГос. изд. _d1926 |
||
| 215 |
_a22, [2] с. _d21 см |
||
| 225 |
_aБ-чка работницы и крестьянки _iСер. "Ист.-рев." _v№ 6 |
||
| 620 | _dМосква | ||
| 620 | _dСанкт-Петербург | ||
| 700 | 1 |
_aГончарская _bС.С. _f1889-1973 _gСофья Самойловна _4070 |
|
| 801 | 0 |
_aRU _bNLR _c19800907 |
|
| 899 |
_aРНБ _j88/217 |
||
| 899 | _aНБУВ | ||
| 899 | _aЗНБ СГУ | ||
| 899 | _aБАН | ||
| 899 | _aГОПБ | ||
| 899 | _aГПИБ | ||
| 899 | _aКирОУНБ | ||
| 899 | _aSLK | ||
| 899 | _aИОГУНБ | ||
| 899 | _aCSUX | ||
| 899 | _aГАРФ | ||
| 899 | _aРКП | ||
| 899 | _aРГБ | ||
| 899 | _aНБЛ КГУ | ||
| 899 | _aNLG | ||
| 899 | _aНБ ТГУ | ||
| 899 | _aОренбургОУНБ | ||
| 942 | _cBOOK | ||
| 980 | _aNB | ||
| 980 | _aA1SV | ||
| 980 | _aA1SV | ||